LEADER 01290nam a2200313 i 4500 001 991000259859707536 005 20020527111120.0 008 010810s1908 fr ||| | fre 035 $ab10052665-39ule_inst 035 $aPARLA218369$9ExL 040 $aDip.to Filosofia$bita 082 0 $a843.7 100 1 $aSéché, Léon$0392199 245 10$aHortense Allart de Méritens dans ses rapports avec Chateaubriand, Béranger, Lamennais, Saint-Beuve, G. Sand, M.me d'Agoult :$bdocument inédits /$cLéon Séché 250 $a2e éd 260 $aParis :$bMercure de France,$c1908 300 $a329 p. :$bill. ;$c18 cm. 490 0 $aMuses romantiques 600 14$aAllart de Méritens, Hortense 600 14$aChateaubriand, Francois Auguste René :$cde 650 4$aBéranger, Pierre Jean de 650 4$aLamennais, Félicité Robert de 650 4$aSand, George 907 $a.b10052665$b17-02-17$c27-06-02 912 $a991000259859707536 945 $aLE005 MF 26 I 5$g1$iLE005A-4298$lle005$o-$pE0.00$q-$rl$s- $t0$u0$v0$w0$x0$y.i10060881$z27-06-02 996 $aHortense Allart de Méritens dans ses rapports avec Chateaubriand, Béranger, Lamennais, Saint-Beuve, G. Sand, M.me d'Agoult$9193649 997 $aUNISALENTO 998 $ale005$b01-01-01$cm$da $e-$ffre$gfr $h0$i1 LEADER 02163nas 2200481 n 450 001 990008935840403321 005 20240229084533.0 011 $a0392-1352 035 $a000893584 035 $aFED01000893584 035 $a(Aleph)000893584FED01 035 $a000893584 091 $2CNR$aP 00073682 100 $a20090724a19709999km-y0itaa50------ba 101 0 $aita 102 $aIT 110 $aauu-------- 200 1 $aCampania sacra 207 1$a1970- 210 $aNapoli$c[s.n.] 530 0 $aCampania sacra 675 $a2 675 $a9 675 $a930.25 675 $a(450.72) 676 $a274 712 02$aPontificia facoltà teologica dell'Italia meridionale.$bSezione di Capodimonte 801 0$aIT$bACNP$c20090723 859 4 $uhttp://acnp.cib.unibo.it/cgi-ser/start/it/cnr/dc-p1.tcl?catno=47818&person=false&language=ITALIANO&libr=&libr_th=unina1$zBiblioteche che possiedono il periodico 901 $aSE 912 $a990008935840403321 958 $aBRAU. Biblioteca di Ricerca di Area Umanistica$b1970-$c1994;1996;$eItalia 295$fFLFBC 958 $aBiblioteca Centralizzata. Facoltà di Architettura dell'Università Federico II$b1971-1978;1994;$e2 - XXI$fFARBC 958 $aBiblioteca. Dipartimento di Storia dell'Architettura e Restauro$b1972-2002;$c1987;$ePER 13$fDARST 959 $aFLFBC 959 $aFARBC 959 $aDARST 996 $aCampania Sacra$9587896 997 $aUNINA AP1 8 $6866-01$aNA072 BRAU. Biblioteca di Ricerca di Area Umanistica$bItalia 295$ePiazza Bellini 56/60, 80133 Napoli (NA)$m(081) 2533948$nit AP1 8 $6866-02$aNA088 Biblioteca Centralizzata. Facoltà di Architettura dell'Università Federico II$b2 - XXI$eVia Monteoliveto,3. Palazzo Gravina, 80134 Napoli (NA)$m0812538081$m0812538023$nit AP1 8 $6866-03$aNA089 Biblioteca. Dipartimento di Storia dell'Architettura e Restauro$bPER 13$eVia Monteoliveto, 3, 80134 Napoli (NA)$m0812538077$m0812538010$nit AP2 40$aacnp.cib.unibo.it$nACNP Italian Union Catalogue of Serials$uhttp://acnp.cib.unibo.it/cgi-ser/start/it/cnr/df-p.tcl?catno=47818&language=ITALIANO&libr=&person=&B=1&libr_th=unina&proposto=NO